Welcome to CU Library Online Public Access Catalogue (OPAC)

Equity and Trusts Law (Record no. 6576)

MARC details
000 -LEADER
fixed length control field 00484nam a22001937a 4500
003 - CONTROL NUMBER IDENTIFIER
control field OSt
005 - DATE AND TIME OF LATEST TRANSACTION
control field 20250618210934.0
008 - FIXED-LENGTH DATA ELEMENTS--GENERAL INFORMATION
fixed length control field 250618b |||||||| |||| 00| 0 eng d
020 ## - INTERNATIONAL STANDARD BOOK NUMBER
International Standard Book Number 9780199227372
040 ## - CATALOGING SOURCE
Original cataloging agency DLC
Language of cataloging DLC
Transcribing agency DLC
050 ## - LIBRARY OF CONGRESS CALL NUMBER
Classification number KD1480
Item number .W385 2008
100 ## - MAIN ENTRY--PERSONAL NAME
Personal name Watt, Gary
245 ## - TITLE STATEMENT
Title Equity and Trusts Law
260 ## - PUBLICATION, DISTRIBUTION, ETC.
Place of publication, distribution, etc. Oxford;
Name of publisher, distributor, etc. Oxford University Press;
Date of publication, distribution, etc. c2008
300 ## - PHYSICAL DESCRIPTION
Extent xli, 491 pages
490 ## - SERIES STATEMENT
Materials specified Trusts Law
500 ## - GENERAL NOTE
General note Includes Index
942 ## - ADDED ENTRY ELEMENTS (KOHA)
Source of classification or shelving scheme Library of Congress Classification
Koha item type Books
Suppress in OPAC No
Holdings
Withdrawn status Lost status Source of classification or shelving scheme Damaged status Not for loan Collection Home library Current library Shelving location Date acquired Total checkouts Full call number Barcode Date last seen Copy number Price effective from Koha item type
    Library of Congress Classification     Non-fiction Law Library (Christ Temple) Law Library (Christ Temple) General stacks 06/18/2025   KD1480.W385 WAT LLCT00000729 06/18/2025 1 06/18/2025 Books
© 2023-2024 Copyright: Central University Libraries. All Rights Reserved | Created by: Mahone Tech Office